000 00536nam a2200181Ia 4500
005 20250508152218.0
008 008 250505s9999 xx 000 0 eng d
037 _aTextual
040 _aFEDL
_beng
_cFEDL
041 _aeng
_2eng
084 _a640, AVE
_qFEDL
100 _aAvery Madalyn
_9761034
245 0 _aHousehold physics : A textbook for college students in home economics
260 _aNew York, USA
_bThe Macmillan Company
_c1955
300 _a472p.
942 _cTEXL
_h640, AVE
999 _c1334999
_d1334999